000 01047nam a2200277Ia 4500
003 OSt
005 20221005110234.0
006 a|||||r|||| 00| 0
007 ta
008 221004b |||||||| |||| 00| 0 hin d
020 _a9788126047673 (hbk)
_cINR 400.00
024 _a36632
037 _bBW/1664, 14/03/2018, Bookwell
_cTextual
040 _aCRL
_cCRL
_bhin
041 _2hin
_ahin
082 _aO152,1N071x, Q6
100 _aअजित कुमार, संपा.
245 0 _aहरिवंश राय बच्चन रचना संचयन
246 _aHarivansha rāya bachchan rachanā sanchayana
260 _aनई दिल्ली
_bसाहित्य अकादेमी भारत
_c2016
300 _a544पृ0
_ccm.
650 _a हिन्दी साहित्य
650 _aहिन्दी कविता
942 _hO152,1N071x, Q6
_cTEXL
_2cc
999 _c1018207
_d1018207